Houses of Australia (Record no. 45717)

MARC details
000 -LEADER
fixed length control field 00504nam a2200145 a 4500
008 - FIXED-LENGTH DATA ELEMENTS--GENERAL INFORMATION
fixed length control field 120416s1948 ||||||||||||||||| || u
050 ## - LIBRARY OF CONGRESS CALL NUMBER
Classification number NA 7469 Bei
100 ## - MAIN ENTRY--PERSONAL NAME
Personal name Beiers, George
245 10 - TITLE STATEMENT
Title Houses of Australia
246 ## - VARYING FORM OF TITLE
Title proper/short title a survey of domestic architecture
260 ## - PUBLICATION, DISTRIBUTION, ETC.
Place of publication, distribution, etc. Sydney
Name of publisher, distributor, etc. Ure Smith
Date of publication, distribution, etc. 1948
300 ## - PHYSICAL DESCRIPTION
Extent 112p. : ill.
350 ## - PRICE (NR) (BK AM CF MU VM SE) [OBSOLETE]
Price 0.00
995 ## - RECOMMENDATION 995 [LOCAL, UNIMARC FRANCE]
-- 0.00
-- CBU-MAIN LIBRARY (Kitwe)
-- 1
-- 0.00
-- 1
-- AVAILABLE
-- Annex Low-Usage Collection
Holdings
Withdrawn status Lost status Source of classification or shelving scheme Damaged status Not for loan Home library Current library Shelving location Date acquired Total Checkouts Full call number Barcode Date last seen Price effective from Koha item type
          CBU-MAIN LIBRARY, KITWE. CBU-MAIN LIBRARY, KITWE.   11/30/2022   NA 7469 Bei 010324 11/30/2022 11/30/2022 MONOGRAPH